Without Sporcle: Literature Quiz Stats

 Plays Quiz Updated Oct 3, 2019

Score 0/45 Timer 08:00
3 Plays Today
Hint Answer % Correct
Shakespeare PlaysRomeo and Juliet
95.8%
Shakespeare PlaysHamlet
95.2%
Shakespeare PlaysThe Winter's Tale
91%
Dr. Seuss BooksThe Cat in the Hat
90.9%
Harry Potter CharactersHarry Potter
90.9%
American AuthorsErnest Hemingway
90.4%
Young Adult BooksThe Hunger Games
90.3%
NovelsThe Great Gatsby
90.1%
Young Adult BooksDivergent
86.3%
Harry Potter CharactersHermione Granger
85.7%
NovelsCharlotte's Web
85.1%
Young Adult BooksThe Maze Runner
85.1%
Lord of the Rings CharactersGollum
85%
Lord of the Rings CharactersFrodo
84.7%
Shakespeare PlaysTimon of Athens
83%
American AuthorsJohn Steinbeck
82.9%
Harry Potter CharactersAlbus Dumbledore
81.9%
American AuthorsKurt Vonnegut
81.7%
Dr. Seuss BooksThe Lorax
81.6%
American AuthorsJ. D. Salinger
81.4%
PoetsMaya Angelou
81.1%
Harry Potter CharactersDraco Malfoy
80.3%
NovelsPride and Prejudice
80.2%
Hint Answer % Correct
Shakespeare PlaysThe Tempest
79.6%
American AuthorsHerman Melville
79.1%
NovelsWar and Peace
78.3%
PoetsW. B. Yeats
77.8%
Harry Potter CharactersNeville Longbottom
77.6%
PoetsEdgar Allan Poe
76.4%
Lord of the Rings CharactersAragorn
72.8%
NovelsTreasure Island
72.1%
Dr. Seuss BooksThe Foot Book
70.2%
Dr. Seuss BooksFox in Socks
69.5%
Dr. Seuss BooksIf I Ran the Zoo
67.9%
Young Adult BooksArtemis Fowl
66%
ASOIAF HousesStark
61.3%
ASOIAF HousesLannister
61.1%
Lord of the Rings CharactersSaruman
60.9%
Young Adult BooksPercy Jackson
58.4%
PoetsDante Alighieri
57.5%
Lord of the Rings CharactersBoromir
56.5%
ASOIAF HousesGreyjoy
52.7%
ASOIAF HousesBaratheon
51.5%
PoetsPablo Neruda
48.5%
ASOIAF HousesBolton
38.8%

You're not logged in!

Compare scores with friends on all Sporcle quizzes.
OR
Log In

Sporcle TV

Today on Sporcle TV


Watch our educational content, quiz creation guides, and fun videos on Sporcle TV.

Show Comments

Extras

Top Quizzes Today


Score Distribution

Your Account Isn't Verified!

In order to create a playlist on Sporcle, you need to verify the email address you used during registration. Go to your Sporcle Settings to finish the process.

Report this User

Report this user for behavior that violates our Community Guidelines.

Details: